Servei residencial d'estades temporals i Respir per a persones grans : Programa Respir Programa Respir
Descripción Física:
1 díptic ; il·lustracions color ; 21 cm.
Materias:
Persones grans -- Assistència institucional -- Barcelona (Catalunya : Província)
; Residències de persones grans
; Fulletons
Idioma:
Catalán
MARC
| LEADER | 00000nam a22000007a 4500 | ||
|---|---|---|---|
| 001 | 28554 | ||
| 003 | AGDB | ||
| 005 | 20260324181525.0 | ||
| 008 | 230515b spa||||| |||| 00| 0 cat d | ||
| 017 | |a B 19072-2023 | ||
| 040 | |a agdb |b cat | ||
| 245 | |a Servei residencial d'estades temporals i Respir per a persones grans : |b Programa Respir | ||
| 260 | |a Barcelona : |b Diputació de Barcelona ; |c 2023 | ||
| 300 | |a 1 díptic ; |b il·lustracions color ; |c 21 cm. | ||
| 650 | 0 | |a Persones grans |x Assistència institucional |z Barcelona (Catalunya : Província) | |
| 650 | 0 | |9 43170 |a Residències de persones grans | |
| 655 | 0 | |a Fulletons |9 55858 | |
| 710 | 1 | |9 52701 |a Barcelona (Catalunya : Província). |b Gerència de Serveis Residencials d'Estades Temporals i Respir | |
| 710 | |a Barcelona (Catalunya : Província). |b Àrea de Sostenibilitat Social, Cicle de Vida i Comunitat |9 70555 | ||
| 942 | |c ARXIU |n 1 |2 udc | ||
| 952 | |0 0 |1 0 |4 0 |6 FU7757 |7 1 |9 97306 |a Arxiu |b Arxiu |d 2024-07-26 |l 0 |o FU-77-57 |p 28554 |r 2024-07-26 00:00:00 |w 2024-07-26 |y ARXIU | ||
| 999 | |c 129157 |d 129157 | ||